| 000 | 00361nam a2200145Ia 4500 | ||
|---|---|---|---|
| 005 | 20251222152023.0 | ||
| 008 | 251222s9999||||xx |||||||||||||| ||spa|| | ||
| 020 | _a8479715545 | ||
| 082 | _a635.965/N45 | ||
| 100 | _aNessmann, Pierre | ||
| 245 | 0 | _aGran Libro de las Plantas de Interior | |
| 250 | _a1ra. ed. | ||
| 264 | _bServilibro Ediciones | ||
| 942 | _cLIB | ||
| 999 |
_c25350 _d25350 |
||